000 00576nam a2200241Ia 4500
005 20260320201109.0
008 008 262003s9999 xx 000 0 eng d
037 _aEBOOK
040 _aCRL
040 _beng
040 _cCRL
041 _2eng
041 _aeng
084 _qCRL
100 _aOmura
_9974809
245 0 _aMOS Devices for Low-Voltage and Low-Energy Applications
260 _bIEEE
260 _c2016
856 _uhttps://ieeexplore.ieee.org/servlet/opac?bknumber=7794163
942 _cEBOOK
999 _c1718859
_d1718859